{"text_format":"2","workbook":"xlsx","n_sheets":8,"sheets":["PFP","PFP2.1_FatorKa","PFP2.2_FatorKb","PFP2.3_FatorKc","PFP3_FatorKd","CRO1_Ins-Pro","CRO2_Ins-Mes","COT. VANT"],"not_rendered":{"charts":0,"images":0,"macros":0,"external_links":34,"defined_names":2178,"comments":0,"pivot_tables":0},"unopened":[],"bounds":{"document_bytes":16777216,"sheet_cells":100000,"run_cost":"one","rows_first":2000,"rows_last":500,"rows_between":2000,"halvings":0,"cell_chars":16384,"cell_head_chars":4096},"cells_cut":0,"cells_raw":0,"read":"whole","date_system":"1900"}

{"sheet":"PFP","index":0,"n_rows":44,"n_cols":20,"rows_kept":44,"cut":false,"hidden":false,"merged":[[0,0,1,8],[4,5,4,8],[0,9,0,10],[1,9,1,10],[4,9,4,10],[2,0,2,10],[3,0,3,10],[4,0,4,4],[38,0,38,10],[31,0,31,10],[33,0,33,10],[25,0,25,10],[32,0,32,10],[28,0,28,10],[34,0,34,10],[35,0,35,10],[36,0,36,10],[37,0,37,10],[29,0,29,10],[30,0,30,10],[24,0,24,6],[24,7,24,10],[27,0,27,10],[26,0,26,10],[5,11,6,11],[5,17,6,17],[5,16,6,16],[5,18,6,18],[23,7,23,10],[5,9,5,10],[5,5,5,8],[22,0,22,6],[22,7,22,10],[5,0,5,4],[21,0,21,6],[21,7,21,10],[23,0,23,6]]}
["PROPOSTA FINANCEIRA DO PROJETO",{"$nulls":8},"CODIGO:"]
[{"$nulls":9},"PFP"]
["NOME DA CONSULTORA:"]
[]
["PROJETO:",{"$nulls":4},"CONTRATANTE:",null,null,null,"BASE:"]
["EXECUÇÃO DE SERVIÇOS FUNDIÁRIOS E ELABORAÇÃO DE PROJETOS PARA REGULARIZAÇÃO FUNDIÁRIA DO SETOR COMERCIAL E PORTUÁRIO DO MUNICÍPIO DE SANTANA, LOCALIZADO NO ESTADO DO AMAPÁ.",{"$nulls":4},"CODEVASF (SEDE)",null,null,null,"2023-11-01",null,"Encargos COMP E ADICIONAIS",{"$nulls":4},"Exame Ocup.","Assistencia Médica","Seguro de Vida"]
["Base","Cod2","Cod3","Categoria / Insumo","Uni","Qde","CUD","PU","FatorK","CT","PT",null,"Alimentação","EPI","Ferramenta","Transporte"]
["SICRO","MO2","C","Advogado Sênior coordenador (P8003)","mês",{"$f":"'CRO2_Ins-Mes'!D122","v":10},10130.91,{"$f":"ROUND(I8*G8,2)","v":13267.44},{"$f":"'PFP2.3_FatorKc'!E35","v":1.3096000000000001},{"$f":"ROUND(F8*G8,2)","v":101309.1},{"$f":"ROUND(F8*H8,2)","v":132674.4},{"$f":"SUM(M8:S8)","v":1027.8899999999999},702.89,24.8,null,null,3.02,287.2,9.98,{"$f":"SUM(M8:S8)","v":1027.8899999999999}]
["SICRO","MO1","P3","Advogado junior (P8001)","mês",{"$f":"'CRO2_Ins-Mes'!D123","v":6},4281.78,9238.3700000000008,{"$f":"'PFP2.1_FatorKa'!$E$38","v":2.1576},{"$f":"ROUND(F9*G9,2)","v":25690.68},55430.22,{"$f":"SUM(M9:S9)","v":1027.8899999999999},702.89,24.8,null,null,3.02,287.2,9.98,{"$f":"SUM(M9:S9)","v":1027.8899999999999}]
["SICRO","MO1","P0","Engenheiro senior (P8056)","mês",{"$f":"'CRO2_Ins-Mes'!D124","v":8},13314.45,{"$f":"ROUND(I10*G10,2)","v":28727.26},{"$f":"'PFP2.1_FatorKa'!$E$38","v":2.1576},{"$f":"ROUND(F10*G10,2)","v":106515.6},229818.08,{"$f":"SUM(M10:S10)","v":1027.51},702.89,24.8,null,null,2.64,287.2,9.98,{"$f":"SUM(M10:S10)","v":1027.51}]
["SINAPI","MO1","D","Desenhista (40807)","mês",{"$f":"'CRO2_Ins-Mes'!D125","v":8},2660.12,{"$f":"ROUND(I11*G11,2)","v":5739.47},{"$f":"'PFP2.1_FatorKa'!$E$38","v":2.1576},{"$f":"ROUND(F11*G11,2)","v":21280.959999999999},45915.76,{"$f":"SUM(M12:S12)","v":1114.1600000000001},{"$nulls":7},{"$f":"SUM(M11:S11)","v":0}]
["SICRO","MO1","T1","Topógrafo (P8163)","mês",{"$f":"'CRO2_Ins-Mes'!D126","v":8},2290.75,4942.5200000000004,{"$f":"'PFP2.1_FatorKa'!$E$38","v":2.1576},18326,39540.160000000003,{"$f":"T12","v":1114.1600000000001},702.89,27.8,null,81.59,4.7,287.2,9.98,{"$f":"SUM(M12:S12)","v":1114.1600000000001}]
["SICRO","MO1","A4","Auxiliar de Topografia (P8028)","mês",{"$f":"'CRO2_Ins-Mes'!D127","v":16},1467.63,3166.56,{"$f":"'PFP2.1_FatorKa'!$E$38","v":2.1576},23482.080000000002,50664.959999999999,{"$f":"SUM(M13:S13)","v":1167.2800000000002},702.89,30.19,1.35,130.97,4.7,287.2,9.98,{"$f":"SUM(M13:S13)","v":1167.2800000000002}]
["SICRO","MO1","A0","Secretária (P8135)","mês",{"$f":"'CRO2_Ins-Mes'!D128","v":16},2434.7399999999998,{"$f":"ROUND(I14*G14,2)","v":5253.2},{"$f":"'PFP2.1_FatorKa'!$E$38","v":2.1576},{"$f":"ROUND(F14*G14,2)","v":38955.839999999997},{"$f":"ROUND(F14*H14,2)","v":84051.199999999997},1077.17,702.89,null,null,72.95,4.1500000000000004,287.2,9.98,1077.17]
["SICRO","MO1","A3","Auxiliar Administrativo (P8026)","mês",{"$f":"'CRO2_Ins-Mes'!D129","v":16},1772.08,3823.44,{"$f":"'PFP2.1_FatorKa'!$E$38","v":2.1576},28353.279999999999,61175.040000000001,1116.6100000000001,702.89,null,null,112.71,3.83,287.2,9.98,{"$f":"SUM(M15:S15)","v":1116.6100000000001}]
["SICRO","MO1","T2","Assistente Social junior (P8019)","mês",{"$f":"'CRO2_Ins-Mes'!D130","v":39},3020.78,6517.63,{"$f":"'PFP2.1_FatorKa'!$E$38","v":2.1576},117810.42,254187.57,1067.3499999999999,702.89,24.8,null,37.78,4.7,287.2,9.98,1067.3499999999999]
["SICRO","EC","ECA","Encargos Comp. e Adicionais","mês",{"$f":"'CRO1_Ins-Pro'!D14","v":127},{"$f":"(L8*F8+L9*F9+L10*F10+L11*F11+L12*F12+L13*F13+L14*F14+F15*L15+F16*L16)/F17","v":1085.7991338582676},1325.98,{"$f":"PFP3_FatorKd!$E$17","v":1.2212000000000001},{"$f":"ROUND(F17*G17,2)","v":137896.49},{"$f":"ROUND(F17*H17,2)","v":168399.46}]
["PROP","EC","AT2","Auxilio Transporte Técnicos","mês",0,"Já incluso*",0,{"$f":"PFP3_FatorKd!$E$17","v":1.2212000000000001},0,{"$f":"ROUND(F18*H18,2)","v":0}]
["PROP","EC","AT3","Auxilio Transporte Secretária","mês",0,"Já Incluso*",0,{"$f":"PFP3_FatorKd!$E$17","v":1.2212000000000001},0,0]
["CODE","EM","M1","Relatório Parcial","un",{"$f":"'CRO2_Ins-Mes'!D131","v":14},33.35,40.729999999999997,{"$f":"PFP3_FatorKd!$E$17","v":1.2212000000000001},466.9,{"$f":"ROUND(F20*H20,2)","v":570.22}]
["CODE","EM","M2","Relatório Final","un",{"$f":"'CRO2_Ins-Mes'!D132","v":1},1478.8,1805.91,{"$f":"PFP3_FatorKd!$E$17","v":1.2212000000000001},1478.8,{"$f":"ROUND(F21*H21,2)","v":1805.91}]
["TOTAL DOS CUSTOS DIRETOS",{"$nulls":6},{"$f":"SUM(J8:J21)","v":621566.15},{"$nulls":4},{"$f":"J8*I8","v":132674.39736000003}]
["TOTAL DOS ENCARGOS E DISPESAS DIVERSAS",{"$nulls":6},{"$f":"H24-H22","v":502666.82999999973}]
["TOTAL DA PROPOSTA A PREÇO GLOBAL",{"$nulls":6},{"$f":"SUM(K8:K21)","v":1124232.9799999997}]
["TOTAL DA PROPOSTA",{"$nulls":6},{"$f":"H24","v":1124232.9799999997}]
["OBSERVAÇÃO:"]
["*Encargos Complementares e adicionais já incluem auxílio transporte"]
["Alocar os Insumos MO, com respectivo FatorK, dentro da categoria de vínculo contratual (celetista, autonomo, societario)"]
["Uni - unidade de medição do insumo;"]
["Qde - Quantidade do Insumo (não pode ocorrer alteração pela Licitante)"]
["CUD - Custo Unitário Direto do Insumo (sem encargos, taxas e impostos, valor não pode ser maior que o Orçado pela Codevasf)"]
["CT - Custo Total (sem encargos, taxas e impostos) - CT = Qde x CUD"]
["FatorK - Taxa de Ressarcimento de Despesas e Encargos (detalhar composição nas Planilhas \"PFP2.1\", \"PFP2.2\", \"PFP3\")"]
["PU - Preço Unitário do Insumo (incluído encargos, taxas e impostos) - PU = CUD x FatorK"]
["PT - Preço Total do Insumo (incluído encargos, taxas e impostos) - PT = Qde x PU"]
["P - Profissionais nível superior nas áreas de Engenharia, Química, Arquitetura, Agronomia e Veterinária, conforme disposições da Lei 4.950-A/66"]
["S - Profissionais de nível superior nas demais áreas de atuação, incluindo Arqueólogo, Biólogo, Geógrafo e Sociólogo"]
["T - Profissionais de nível médio técnico nas diversas áreas de atuação"]
["A - Profissionais de nível médio de apoio técnico-administrativo"]
[]
["Observações: "]
["1- Sistemas oficiais de referência de preços utilizados"]
["Tabela Consultiva do DNIT-Out/2022."]
["SINAPI/AL - 02/2023"]

{"sheet":"PFP2.1_FatorKa","index":1,"n_rows":43,"n_cols":6,"rows_kept":43,"cut":false,"hidden":false,"merged":[[21,1,21,3],[22,1,22,3],[25,1,25,3],[9,1,9,3],[10,1,10,3],[11,1,11,3],[12,1,12,3],[17,1,17,3],[18,1,18,3],[23,1,23,3],[36,1,36,3],[0,0,1,4],[2,0,2,5],[5,0,5,1],[5,2,5,4],[4,2,4,4],[3,0,3,5],[26,1,26,3],[7,1,7,3],[16,1,16,3],[8,1,8,3],[13,1,13,3],[14,1,14,3],[15,1,15,3],[19,1,19,3],[20,1,20,3],[37,1,37,3],[6,1,6,3],[42,0,42,5],[41,0,41,5],[40,0,40,5],[39,0,39,5],[24,1,24,3],[31,1,31,3],[32,1,32,3],[30,1,30,3],[27,1,27,3],[28,1,28,3],[29,1,29,3],[35,1,35,3],[33,1,33,3],[34,1,34,3]]}
["DETALHAMENTO DOS ENCARGOS SOCIAIS: Ka",{"$nulls":4},"CODIGO:"]
[{"$nulls":5},"PFP-2.1"]
["NOME DA CONSULTORA:"]
[]
["PROJETO:",null,"CONTRATANTE:",null,null,{"$f":"PFP!J5","v":"BASE:"}]
[{"$f":"PFP!A6","v":"EXECUÇÃO DE SERVIÇOS FUNDIÁRIOS E ELABORAÇÃO DE PROJETOS PARA REGULARIZAÇÃO FUNDIÁRIA DO SETOR COMERCIAL E PORTUÁRIO DO MUNICÍPIO DE SANTANA, LOCALIZADO NO ESTADO DO AMAPÁ."},null,"CODEVASF (SEDE)",null,null,"2023-11-01"]
["Cod","DESCRIÇÃO",null,null,"%","R$"]
["A","ENCARGOS SOCIAIS BÁSICOS",null,null,{"$f":"ROUND(SUM(E9:E16),4)","v":0.36799999999999999},{"$f":"ROUND(E8*SUMIF(PFP!$B$8:$B$21,\"MO1\",PFP!$J$8:$J$21),2)","v":139992.67000000001}]
["A1","INSS",null,null,0.2,{"$f":"ROUND(E9*SUMIF(PFP!$B$8:$B$21,\"MO1\",PFP!$J$8:$J$21),2)","v":76082.97}]
["A2","SESI",null,null,1.4999999999999999E-2,{"$f":"ROUND(E10*SUMIF(PFP!$B$8:$B$21,\"MO1\",PFP!$J$8:$J$21),2)","v":5706.22}]
["A3","SENAI",null,null,0.01,{"$f":"ROUND(E11*SUMIF(PFP!$B$8:$B$21,\"MO1\",PFP!$J$8:$J$21),2)","v":3804.15}]
["A4","INCRA",null,null,2E-3,{"$f":"ROUND(E12*SUMIF(PFP!$B$8:$B$21,\"MO1\",PFP!$J$8:$J$21),2)","v":760.83}]
["A5","SEBRAE",null,null,6.0000000000000001E-3,{"$f":"ROUND(E13*SUMIF(PFP!$B$8:$B$21,\"MO1\",PFP!$J$8:$J$21),2)","v":2282.4899999999998}]
["A6","Salário Educação",null,null,2.5000000000000001E-2,{"$f":"ROUND(E14*SUMIF(PFP!$B$8:$B$21,\"MO1\",PFP!$J$8:$J$21),2)","v":9510.3700000000008}]
["A7","Seguro Contra Acidentes de Trabalho",null,null,0.03,{"$f":"ROUND(E15*SUMIF(PFP!$B$8:$B$21,\"MO1\",PFP!$J$8:$J$21),2)","v":11412.45}]
["A8","FGTS",null,null,0.08,{"$f":"ROUND(E16*SUMIF(PFP!$B$8:$B$21,\"MO1\",PFP!$J$8:$J$21),2)","v":30433.19}]
["B"," ENCARGOS SOCIAIS QUE RECEBEM INCIDÊNCIA DE \"A\"",null,null,{"$f":"ROUND(SUM(E18:E27),4)","v":0.19209999999999999},{"$f":"ROUND(E17*SUMIF(PFP!$B$8:$B$21,\"MO1\",PFP!$J$8:$J$21),2)","v":73077.69}]
["B1","Repouso Semanal Remunerado",null,null,"Não incide"]
["B2","Feriados",null,null,"Não incide"]
["B3","Auxílio Enfermidade",null,null,6.6E-3,{"$f":"ROUND(E20*SUMIF(PFP!$B$8:$B$21,\"MO1\",PFP!$J$8:$J$21),2)","v":2510.7399999999998}]
["B4","13º Salário",null,null,8.3299999999999999E-2,{"$f":"ROUND(E21*SUMIF(PFP!$B$8:$B$21,\"MO1\",PFP!$J$8:$J$21),2)","v":31688.560000000001}]
["B5","Licença Paternidade",null,null,5.0000000000000001E-4,{"$f":"ROUND(E22*SUMIF(PFP!$B$8:$B$21,\"MO1\",PFP!$J$8:$J$21),2)","v":190.21}]
["B6","Faltas Justificadas",null,null,5.5999999999999999E-3,{"$f":"ROUND(E23*SUMIF(PFP!$B$8:$B$21,\"MO1\",PFP!$J$8:$J$21),2)","v":2130.3200000000002}]
["B7","Dias de Chuvas",null,null,"Não incide"]
["B8","Auxílio Acidente de Trabalho",null,null,8.0000000000000004E-4,{"$f":"ROUND(E25*SUMIF(PFP!$B$8:$B$21,\"MO1\",PFP!$J$8:$J$21),2)","v":304.33}]
["B9","Férias Gozadas",null,null,9.5000000000000001E-2,{"$f":"ROUND(E26*SUMIF(PFP!$B$8:$B$21,\"MO1\",PFP!$J$8:$J$21),2)","v":36139.410000000003}]
["B10","Salário Maternidade",null,null,2.9999999999999997E-4,{"$f":"ROUND(E27*SUMIF(PFP!$B$8:$B$21,\"MO1\",PFP!$J$8:$J$21),2)","v":114.12}]
["C"," ENCARGOS SOCIAIS QUE NÃO RECEBEM INCIDÊNCIA DE \"A\"",null,null,{"$f":"ROUND(SUM(E29:E33),4)","v":6.0900000000000003E-2},{"$f":"ROUND(E28*SUMIF(PFP!$B$8:$B$21,\"MO1\",PFP!$J$8:$J$21),2)","v":23167.26}]
["C1","Aviso Prévio Indenizado",null,null,3.0200000000000001E-2,{"$f":"ROUND(E29*SUMIF(PFP!$B$8:$B$21,\"MO1\",PFP!$J$8:$J$21),2)","v":11488.53}]
["C2","Aviso Prévio Trabalhado",null,null,6.9999999999999999E-4,{"$f":"ROUND(E30*SUMIF(PFP!$B$8:$B$21,\"MO1\",PFP!$J$8:$J$21),2)","v":266.29000000000002}]
["C3","Férias Indenizadas",null,null,1.21E-2,{"$f":"ROUND(E31*SUMIF(PFP!$B$8:$B$21,\"MO1\",PFP!$J$8:$J$21),2)","v":4603.0200000000004}]
["C4","Depósito Rescisão Sem Justa Causa",null,null,1.54E-2,{"$f":"ROUND(E32*SUMIF(PFP!$B$8:$B$21,\"MO1\",PFP!$J$8:$J$21),2)","v":5858.39}]
["C5","Indenização Adicional",null,null,2.5000000000000001E-3,{"$f":"ROUND(E33*SUMIF(PFP!$B$8:$B$21,\"MO1\",PFP!$J$8:$J$21),2)","v":951.04}]
["D"," REINCIDÊNCIAS",null,null,{"$f":"ROUND(SUM(E35:E36),4)","v":7.3400000000000007E-2},{"$f":"ROUND(E34*SUMIF(PFP!$B$8:$B$21,\"MO1\",PFP!$J$8:$J$21),2)","v":27922.45}]
["D1","Reincidência de \"A\" sobre \"B\"",null,null,{"$f":"ROUND(E8*E17,4)","v":7.0699999999999999E-2},{"$f":"ROUND(E35*SUMIF(PFP!$B$8:$B$21,\"MO1\",PFP!$J$8:$J$21),2)","v":26895.33}]
["D2","Reincidência de \"A\" sobre Aviso Prévio Trabalhado e reincidência do FGTS sobre Aviso Prévio Indenizado",null,null,{"$f":"ROUND((E30*E8)+(E29*E16),4)","v":2.7000000000000001E-3},{"$f":"ROUND(E36*SUMIF(PFP!$B$8:$B$21,\"MO1\",PFP!$J$8:$J$21),2)","v":1027.1199999999999}]
["K1a","ENCARGOS SOCIAIS",null,null,{"$f":"ROUND(E8+E17+E28+E34,4)","v":0.69440000000000002},{"$f":"ROUND(E37*SUMIF(PFP!$B$8:$B$21,\"MO1\",PFP!$J$8:$J$21),2)","v":264160.08}]
["Ka","TAXA DE RESSARCIMENTO DE DESPESAS E ENCARGOS SOBRE MO1",null,null,{"$f":"ROUND((1+E37+PFP3_FatorKd!E13)*(1+PFP3_FatorKd!E12)*(1+PFP3_FatorKd!E8),4)","v":2.1576}]
["OBSERVAÇÃO: CELETISTAS E EQUIVALENTES"]
["1 - DISCRIMINAR OS ENCARGOS SOCIAIS COM SEUS RESPECTIVOS PERCENTUAS TOTALIZANDO OS MESMOS. "]
["2 - APLICAR O  % TOTAL P/ CALCULAR OS E. SOCIAIS INCIDENTES NA MÃO-DE-OBRA CELETISTAS"]
["Ka - Taxa de Ressarcimento de Despesas e Encargos sobre a Mão de Obra CELETISTA (incide apenas no Insumo Codigo MO1)"]
["Ka = (1 + K1 + K2) x (1 + K3) x (1 + K4)"]

{"sheet":"PFP2.2_FatorKb","index":2,"n_rows":40,"n_cols":10,"rows_kept":40,"cut":false,"hidden":false,"merged":[[7,1,7,3],[16,1,16,3],[17,1,17,3],[8,1,8,3],[9,1,9,3],[10,1,10,3],[14,1,14,3],[15,1,15,3],[11,1,11,3],[0,0,1,4],[2,0,2,5],[3,0,3,5],[4,2,4,4],[5,0,5,1],[5,2,5,4],[6,1,6,3],[12,1,12,3],[13,1,13,3],[39,0,39,5],[36,0,36,5],[37,0,37,5],[38,0,38,5],[31,1,31,3],[32,1,32,3],[33,1,33,3],[34,1,34,3],[18,1,18,3],[30,1,30,3],[19,1,19,3],[20,1,20,3],[21,1,21,3],[27,1,27,3],[28,1,28,3],[29,1,29,3],[22,1,22,3],[23,1,23,3],[24,1,24,3],[25,1,25,3],[26,1,26,3]]}
["DETALHAMENTO DOS ENCARGOS SOCIAIS: Kb",{"$nulls":4},"CODIGO:"]
[{"$nulls":5},"PFP-2.2"]
["NOME DA CONSULTORA:"]
[]
["PROJETO:",null,"CONTRATANTE:",null,null,{"$f":"'PFP2.1_FatorKa'!F5","v":"BASE:"}]
[{"$f":"PFP!A6","v":"EXECUÇÃO DE SERVIÇOS FUNDIÁRIOS E ELABORAÇÃO DE PROJETOS PARA REGULARIZAÇÃO FUNDIÁRIA DO SETOR COMERCIAL E PORTUÁRIO DO MUNICÍPIO DE SANTANA, LOCALIZADO NO ESTADO DO AMAPÁ."},null,"CODEVASF (SEDE)",null,null,"2023-11-01",null,null,null,"2023-11-01"]
["Cod","DESCRIÇÃO",null,null,"%","R$"]
["A","ENCARGOS SOCIAIS BÁSICOS",null,null,{"$f":"ROUND(SUM(E9:E16),4)","v":0.2},{"$f":"ROUND(E8*SUMIF(PFP!$B$8:$B$21,\"MO2\",PFP!$J$8:$J$21),2)","v":20261.82}]
["A1","INSS",null,null,0.2,{"$f":"ROUND(E9*SUMIF(PFP!$B$8:$B$21,\"MO2\",PFP!$J$8:$J$21),2)","v":20261.82}]
["A2","SESI",null,null,0,{"$f":"ROUND(E10*SUMIF(PFP!$B$8:$B$21,\"MO2\",PFP!$J$8:$J$21),2)","v":0}]
["A3","SENAI",null,null,0,{"$f":"ROUND(E11*SUMIF(PFP!$B$8:$B$21,\"MO2\",PFP!$J$8:$J$21),2)","v":0}]
["A4","INCRA",null,null,0,{"$f":"ROUND(E12*SUMIF(PFP!$B$8:$B$21,\"MO2\",PFP!$J$8:$J$21),2)","v":0}]
["A5","SEBRAE",null,null,0,{"$f":"ROUND(E13*SUMIF(PFP!$B$8:$B$21,\"MO2\",PFP!$J$8:$J$21),2)","v":0}]
["A6","Salário Educação",null,null,0,{"$f":"ROUND(E14*SUMIF(PFP!$B$8:$B$21,\"MO2\",PFP!$J$8:$J$21),2)","v":0}]
["A7","Seguro Contra Acidentes de Trabalho",null,null,0,{"$f":"ROUND(E15*SUMIF(PFP!$B$8:$B$21,\"MO2\",PFP!$J$8:$J$21),2)","v":0}]
["A8","FGTS",null,null,0,{"$f":"ROUND(E16*SUMIF(PFP!$B$8:$B$21,\"MO2\",PFP!$J$8:$J$21),2)","v":0}]
["B"," ENCARGOS SOCIAIS QUE RECEBEM INCIDÊNCIA DE \"A\"",null,null,{"$f":"ROUND(SUM(E18:E24),4)","v":0},{"$f":"ROUND(E17*SUMIF(PFP!$B$8:$B$21,\"MO2\",PFP!$J$8:$J$21),2)","v":0}]
["B3","Auxílio Enfermidade",null,null,0,{"$f":"ROUND(E18*SUMIF(PFP!$B$8:$B$21,\"MO2\",PFP!$J$8:$J$21),2)","v":0}]
["B4","13º Salário",null,null,0,{"$f":"ROUND(E19*SUMIF(PFP!$B$8:$B$21,\"MO2\",PFP!$J$8:$J$21),2)","v":0}]
["B5","Licença Paternidade",null,null,0,{"$f":"ROUND(E20*SUMIF(PFP!$B$8:$B$21,\"MO2\",PFP!$J$8:$J$21),2)","v":0}]
["B6","Faltas Justificadas",null,null,0,{"$f":"ROUND(E21*SUMIF(PFP!$B$8:$B$21,\"MO2\",PFP!$J$8:$J$21),2)","v":0}]
["B8","Auxílio Acidente de Trabalho",null,null,0,{"$f":"ROUND(E22*SUMIF(PFP!$B$8:$B$21,\"MO2\",PFP!$J$8:$J$21),2)","v":0}]
["B9","Férias Gozadas",null,null,0,{"$f":"ROUND(E23*SUMIF(PFP!$B$8:$B$21,\"MO2\",PFP!$J$8:$J$21),2)","v":0}]
["B10","Salário Maternidade",null,null,0,{"$f":"ROUND(E24*SUMIF(PFP!$B$8:$B$21,\"MO2\",PFP!$J$8:$J$21),2)","v":0}]
["C"," ENCARGOS SOCIAIS QUE NÃO RECEBEM INCIDÊNCIA DE \"A\"",null,null,{"$f":"ROUND(SUM(E26:E30),4)","v":0},{"$f":"ROUND(E25*SUMIF(PFP!$B$8:$B$21,\"MO2\",PFP!$J$8:$J$21),2)","v":0}]
["C1","Aviso Prévio Indenizado",null,null,0,{"$f":"ROUND(E26*SUMIF(PFP!$B$8:$B$21,\"MO2\",PFP!$J$8:$J$21),2)","v":0}]
["C2","Aviso Prévio Trabalhado",null,null,0,{"$f":"ROUND(E27*SUMIF(PFP!$B$8:$B$21,\"MO2\",PFP!$J$8:$J$21),2)","v":0}]
["C3","Férias Indenizadas",null,null,0,{"$f":"ROUND(E28*SUMIF(PFP!$B$8:$B$21,\"MO2\",PFP!$J$8:$J$21),2)","v":0}]
["C4","Depósito Rescisão Sem Justa Causa",null,null,0,{"$f":"ROUND(E29*SUMIF(PFP!$B$8:$B$21,\"MO2\",PFP!$J$8:$J$21),2)","v":0}]
["C5","Indenização Adicional",null,null,0,{"$f":"ROUND(E30*SUMIF(PFP!$B$8:$B$21,\"MO2\",PFP!$J$8:$J$21),2)","v":0}]
["D"," REINCIDÊNCIAS",null,null,{"$f":"ROUND(SUM(E32:E33),4)","v":0},{"$f":"ROUND(E31*SUMIF(PFP!$B$8:$B$21,\"MO2\",PFP!$J$8:$J$21),2)","v":0}]
["D1","Reincidência de \"A\" sobre \"B\"",null,null,{"$f":"ROUND(E8*E17,4)","v":0},{"$f":"ROUND(E32*SUMIF(PFP!$B$8:$B$21,\"MO2\",PFP!$J$8:$J$21),2)","v":0}]
["D2","Reincidência de \"A\" sobre Aviso Prévio Trabalhado e reincidência do FGTS sobre Aviso Prévio Indenizado",null,null,{"$f":"ROUND((E27*E8)+(E26*E16),4)","v":0},{"$f":"ROUND(E33*SUMIF(PFP!$B$8:$B$21,\"MO2\",PFP!$J$8:$J$21),2)","v":0}]
["K1b","ENCARGOS SOCIAIS",null,null,{"$f":"ROUND(E8+E17+E25+E31,4)","v":0.2},{"$f":"ROUND(E34*SUMIF(PFP!$B$8:$B$21,\"MO2\",PFP!$J$8:$J$21),2)","v":20261.82}]
["Kb","TAXA DE RESSARCIMENTO DE DESPESAS E ENCARGOS SOBRE MO2",null,null,{"$f":"ROUND((1+E34+PFP3_FatorKd!E13)*(1+PFP3_FatorKd!E12)*(1+PFP3_FatorKd!E8),4)","v":1.5538000000000001}]
["OBSERVAÇÃO: AUTÔNOMOS E EQUIVALENTES"]
["1 - DISCRIMINAR OS ENCARGOS SOCIAIS COM SEUS RESPECTIVOS PERCENTUAS TOTALIZANDO OS MESMOS. "]
["2 - APLICAR O % TOTAL P/ CALCULAR OS E. SOCIAIS INCIDENTES NA MÃO-DE-OBRA AUTONÔMOS"]
["Kb - Taxa de Ressarcimento de Despesas e Encargos sobre a Mão de Obra AUTONÔMA (incide apenas no Insumo Codigo MO2)"]
["Kb = (1 + K1 + K2) x (1 + K3) x (1 + K4)"]

{"sheet":"PFP2.3_FatorKc","index":3,"n_rows":40,"n_cols":10,"rows_kept":40,"cut":false,"hidden":false,"merged":[[36,0,36,5],[37,0,37,5],[38,0,38,5],[39,0,39,5],[29,1,29,3],[30,1,30,3],[31,1,31,3],[32,1,32,3],[33,1,33,3],[34,1,34,3],[28,1,28,3],[17,1,17,3],[18,1,18,3],[19,1,19,3],[20,1,20,3],[21,1,21,3],[22,1,22,3],[23,1,23,3],[24,1,24,3],[25,1,25,3],[26,1,26,3],[27,1,27,3],[16,1,16,3],[6,1,6,3],[7,1,7,3],[8,1,8,3],[9,1,9,3],[10,1,10,3],[11,1,11,3],[12,1,12,3],[13,1,13,3],[14,1,14,3],[15,1,15,3],[0,0,1,4],[2,0,2,5],[3,0,3,5],[4,2,4,4],[5,0,5,1],[5,2,5,4]]}
["DETALHAMENTO DOS ENCARGOS SOCIAIS: Kc",{"$nulls":4},"CODIGO:"]
[{"$nulls":5},"PFP-2.3"]
["NOME DA CONSULTORA:"]
[]
["PROJETO:",null,"CONTRATANTE:",null,null,{"$f":"'PFP2.2_FatorKb'!F5","v":"BASE:"}]
[{"$f":"PFP!A6","v":"EXECUÇÃO DE SERVIÇOS FUNDIÁRIOS E ELABORAÇÃO DE PROJETOS PARA REGULARIZAÇÃO FUNDIÁRIA DO SETOR COMERCIAL E PORTUÁRIO DO MUNICÍPIO DE SANTANA, LOCALIZADO NO ESTADO DO AMAPÁ."},null,"CODEVASF (SEDE)",null,null,"2023-11-01",null,null,null,"2023-11-01"]
["Cod","DESCRIÇÃO",null,null,"%","R$"]
["A","ENCARGOS SOCIAIS BÁSICOS",null,null,{"$f":"SUM(E9:E16)","v":0},{"$f":"ROUND(E8*SUMIF(PFP!$B$8:$B$21,\"MO3\",PFP!$J$8:$J$21),2)","v":0}]
["A1","INSS",null,null,0,{"$f":"ROUND(E9*SUMIF(PFP!$B$8:$B$21,\"MO3\",PFP!$J$8:$J$21),2)","v":0}]
["A2","SESI",null,null,0,{"$f":"ROUND(E10*SUMIF(PFP!$B$8:$B$21,\"MO3\",PFP!$J$8:$J$21),2)","v":0}]
["A3","SENAI",null,null,0,{"$f":"ROUND(E11*SUMIF(PFP!$B$8:$B$21,\"MO3\",PFP!$J$8:$J$21),2)","v":0}]
["A4","INCRA",null,null,0,{"$f":"ROUND(E12*SUMIF(PFP!$B$8:$B$21,\"MO3\",PFP!$J$8:$J$21),2)","v":0}]
["A5","SEBRAE",null,null,0,{"$f":"ROUND(E13*SUMIF(PFP!$B$8:$B$21,\"MO3\",PFP!$J$8:$J$21),2)","v":0}]
["A6","Salário Educação",null,null,0,{"$f":"ROUND(E14*SUMIF(PFP!$B$8:$B$21,\"MO3\",PFP!$J$8:$J$21),2)","v":0}]
["A7","Seguro Contra Acidentes de Trabalho",null,null,0,{"$f":"ROUND(E15*SUMIF(PFP!$B$8:$B$21,\"MO3\",PFP!$J$8:$J$21),2)","v":0}]
["A8","FGTS",null,null,0,{"$f":"ROUND(E16*SUMIF(PFP!$B$8:$B$21,\"MO3\",PFP!$J$8:$J$21),2)","v":0}]
["B"," ENCARGOS SOCIAIS QUE RECEBEM INCIDÊNCIA DE \"A\"",null,null,{"$f":"ROUND(SUM(E18:E24),4)","v":0},{"$f":"ROUND(E17*SUMIF(PFP!$B$8:$B$21,\"MO3\",PFP!$J$8:$J$21),2)","v":0}]
["B3","Auxílio Enfermidade",null,null,0,{"$f":"ROUND(E18*SUMIF(PFP!$B$8:$B$21,\"MO3\",PFP!$J$8:$J$21),2)","v":0}]
["B4","13º Salário",null,null,0,{"$f":"ROUND(E19*SUMIF(PFP!$B$8:$B$21,\"MO3\",PFP!$J$8:$J$21),2)","v":0}]
["B5","Licença Paternidade",null,null,0,{"$f":"ROUND(E20*SUMIF(PFP!$B$8:$B$21,\"MO3\",PFP!$J$8:$J$21),2)","v":0}]
["B6","Faltas Justificadas",null,null,0,{"$f":"ROUND(E21*SUMIF(PFP!$B$8:$B$21,\"MO3\",PFP!$J$8:$J$21),2)","v":0}]
["B8","Auxílio Acidente de Trabalho",null,null,0,{"$f":"ROUND(E22*SUMIF(PFP!$B$8:$B$21,\"MO3\",PFP!$J$8:$J$21),2)","v":0}]
["B9","Férias Gozadas",null,null,0,{"$f":"ROUND(E23*SUMIF(PFP!$B$8:$B$21,\"MO3\",PFP!$J$8:$J$21),2)","v":0}]
["B10","Salário Maternidade",null,null,0,{"$f":"ROUND(E24*SUMIF(PFP!$B$8:$B$21,\"MO3\",PFP!$J$8:$J$21),2)","v":0}]
["C"," ENCARGOS SOCIAIS QUE NÃO RECEBEM INCIDÊNCIA DE \"A\"",null,null,{"$f":"ROUND(SUM(E26:E30),4)","v":0},{"$f":"ROUND(E25*SUMIF(PFP!$B$8:$B$21,\"MO3\",PFP!$J$8:$J$21),2)","v":0}]
["C1","Aviso Prévio Indenizado",null,null,0,{"$f":"ROUND(E26*SUMIF(PFP!$B$8:$B$21,\"MO3\",PFP!$J$8:$J$21),2)","v":0}]
["C2","Aviso Prévio Trabalhado",null,null,0,{"$f":"ROUND(E27*SUMIF(PFP!$B$8:$B$21,\"MO3\",PFP!$J$8:$J$21),2)","v":0}]
["C3","Férias Indenizadas",null,null,0,{"$f":"ROUND(E28*SUMIF(PFP!$B$8:$B$21,\"MO3\",PFP!$J$8:$J$21),2)","v":0}]
["C4","Depósito Rescisão Sem Justa Causa",null,null,0,{"$f":"ROUND(E29*SUMIF(PFP!$B$8:$B$21,\"MO3\",PFP!$J$8:$J$21),2)","v":0}]
["C5","Indenização Adicional",null,null,0,{"$f":"ROUND(E30*SUMIF(PFP!$B$8:$B$21,\"MO3\",PFP!$J$8:$J$21),2)","v":0}]
["D"," REINCIDÊNCIAS",null,null,{"$f":"ROUND(SUM(E32:E33),4)","v":0},{"$f":"ROUND(E31*SUMIF(PFP!$B$8:$B$21,\"MO3\",PFP!$J$8:$J$21),2)","v":0}]
["D1","Reincidência de \"A\" sobre \"B\"",null,null,{"$f":"ROUND(E8*E17,4)","v":0},{"$f":"ROUND(E32*SUMIF(PFP!$B$8:$B$21,\"MO3\",PFP!$J$8:$J$21),2)","v":0}]
["D2","Reincidência de \"A\" sobre Aviso Prévio Trabalhado e reincidência do FGTS sobre Aviso Prévio Indenizado",null,null,{"$f":"ROUND(E8*E27,4)+ROUND(E26*E11,4)","v":0},{"$f":"ROUND(E33*SUMIF(PFP!$B$8:$B$21,\"MO3\",PFP!$J$8:$J$21),2)","v":0}]
["K1c","ENCARGOS SOCIAIS",null,null,{"$f":"ROUND(E8+E17+E25+E31,4)","v":0},{"$f":"ROUND(E34*SUMIF(PFP!$B$8:$B$21,\"MO3\",PFP!$J$8:$J$21),2)","v":0}]
["Kc","TAXA DE RESSARCIMENTO DE DESPESAS E ENCARGOS SOBRE MO3",null,null,{"$f":"ROUND((1+E34+PFP3_FatorKd!E13)*(1+PFP3_FatorKd!E12)*(1+PFP3_FatorKd!E8),4)","v":1.3096000000000001}]
["OBSERVAÇÃO: SOCIETÁRIOS E EQUIVALENTES"]
["1 - DISCRIMINAR OS ENCARGOS SOCIAIS COM SEUS RESPECTIVOS PERCENTUAS TOTALIZANDO OS MESMOS. "]
["2 - APLICAR O % TOTAL P/ CALCULAR OS E. SOCIAIS INCIDENTES NA MÃO-DE-OBRA DE SOCIETÁRIOS"]
["Kc - Taxa de Ressarcimento de Despesas e Encargos sobre a Mão de Obra SOCIETÁRIA (incide apenas no Insumo Codigo MO3)"]
["Kc = (1 + K1 + K2) x (1 + K3) x (1 + K4)"]

{"sheet":"PFP3_FatorKd","index":4,"n_rows":35,"n_cols":6,"rows_kept":35,"cut":false,"hidden":false,"merged":[[33,0,33,5],[34,0,34,5],[16,1,16,3],[13,1,13,3],[14,1,14,3],[15,1,15,3],[21,0,21,5],[26,0,26,5],[27,0,27,5],[22,0,22,5],[23,0,23,5],[24,0,24,5],[28,0,28,5],[29,0,29,5],[30,0,30,5],[31,0,31,5],[7,1,7,2],[25,0,25,5],[6,1,6,2],[0,0,1,4],[2,0,2,5],[5,0,5,1],[5,2,5,4],[4,2,4,4],[3,0,3,5],[32,0,32,5],[12,1,12,3],[11,1,11,3],[8,1,8,2],[9,1,9,2],[10,1,10,2]]}
["DESPESAS FISCAIS E CUSTOS DIVERSOS: Kc",{"$nulls":4},"CODIGO:"]
[{"$nulls":5},"PFP-3"]
["NOME DA CONSULTORA:"]
[]
["PROJETO:",null,"CONTRATANTE:",null,null,{"$f":"'PFP2.3_FatorKc'!F5","v":"BASE:"}]
[{"$f":"PFP!A6","v":"EXECUÇÃO DE SERVIÇOS FUNDIÁRIOS E ELABORAÇÃO DE PROJETOS PARA REGULARIZAÇÃO FUNDIÁRIA DO SETOR COMERCIAL E PORTUÁRIO DO MUNICÍPIO DE SANTANA, LOCALIZADO NO ESTADO DO AMAPÁ."},null,"CODEVASF (SEDE)",null,null,"2023-11-01"]
["Cod","DESCRIÇÃO1",null,"% preço2","% custo4","R$"]
["K4","TRIBUTOS",null,{"$f":"ROUND(D9+D10+D11,4)","v":0.1225},{"$f":"ROUND(E9+E10+E11,4)","v":0.14130000000000001},{"$f":"E8*SUM(SUMIF(PFP!$B$8:$B$21,\"MO1\",PFP!$J$8:$J$21)*(1+'PFP2.1_FatorKa'!$E$37)+SUMIF(PFP!$B$8:$B$21,\"MO2\",PFP!$J$8:$J$21)*(1+'PFP2.2_FatorKb'!$E$34)+SUMIF(PFP!$B$8:$B$21,\"<>MO*\",PFP!$J$8:$J$21)+$F$13+$F$12)","v":142250.29886441174}]
["K4.1","ISS",null,0.03,3.3500000000000002E-2,{"$f":"E9*SUM(SUMIF(PFP!$B$8:$B$21,\"MO1\",PFP!$J$8:$J$21)*(1+'PFP2.1_FatorKa'!$E$37)+SUMIF(PFP!$B$8:$B$21,\"MO2\",PFP!$J$8:$J$21)*(1+'PFP2.2_FatorKb'!$E$34)+SUMIF(PFP!$B$8:$B$21,\"<>MO*\",PFP!$J$8:$J$21)+$F$13+$F$12)","v":33725.300863112476}]
["K4.2","PIS3 - aliquota efetiva aplicavel percentual-desconto",null,1.6500000000000001E-2,1.9199999999999998E-2,{"$f":"E10*SUM(SUMIF(PFP!$B$8:$B$21,\"MO1\",PFP!$J$8:$J$21)*(1+'PFP2.1_FatorKa'!$E$37)+SUMIF(PFP!$B$8:$B$21,\"MO2\",PFP!$J$8:$J$21)*(1+'PFP2.2_FatorKb'!$E$34)+SUMIF(PFP!$B$8:$B$21,\"<>MO*\",PFP!$J$8:$J$21)+$F$13+$F$12)","v":19329.127658858491}]
["K4.3","COFINS3 - aliquota efetiva aplicavel percentual-desconto",null,7.5999999999999998E-2,8.8599999999999998E-2,{"$f":"E11*SUM(SUMIF(PFP!$B$8:$B$21,\"MO1\",PFP!$J$8:$J$21)*(1+'PFP2.1_FatorKa'!$E$37)+SUMIF(PFP!$B$8:$B$21,\"MO2\",PFP!$J$8:$J$21)*(1+'PFP2.2_FatorKb'!$E$34)+SUMIF(PFP!$B$8:$B$21,\"<>MO*\",PFP!$J$8:$J$21)+$F$13+$F$12)","v":89195.870342440758}]
["K3","REMUNERAÇÃO DA EMPRESA (LUCRO)",null,null,7.0000000000000007E-2,{"$f":"E12*SUM(SUMIF(PFP!$B$8:$B$21,\"MO1\",PFP!$J$8:$J$21)*(1+'PFP2.1_FatorKa'!$E$37)+SUMIF(PFP!$B$8:$B$21,\"MO2\",PFP!$J$8:$J$21)*(1+'PFP2.2_FatorKb'!$E$34)+SUMIF(PFP!$B$8:$B$21,\"<>MO*\",PFP!$J$8:$J$21)+$F$13)","v":65860.540114880001}]
["K2","CUSTOS DA ADMINISTRAÇÃO CENTRAL",null,null,{"$f":"ROUND(SUM(E14:E16),4)","v":7.2400000000000006E-2},{"$f":"ROUND(E13*SUMIF(PFP!$B$8:$B$21,\"MO*\",PFP!$J$8:$J$21),2)","v":34876.81}]
["K2.1","Custos da administração central da empresa (diretoria, pessoal técnico de apoio e pessoal administrativo não diretamente vinculado à prestação dos serviços)",null,null,0.04,{"$f":"ROUND(E14*SUMIF(PFP!$B$8:$B$21,\"MO*\",PFP!$J$8:$J$21),2)","v":19268.96}]
["K2.2","Outras despesas que afetam o custo de produção como treinamento, biblioteca, programa de qualidade, programa de benefícios, auditoria interna e externa",null,null,0.02,{"$f":"ROUND(E15*SUMIF(PFP!$B$8:$B$21,\"MO*\",PFP!$J$8:$J$21),2)","v":9634.48}]
["K2.3","Despesas fixas e variaveis com patrimônio, aluguéis, comunicação, manutenção e transporte não diretamente relacionados com o custo direto dos serviços",null,null,1.24E-2,{"$f":"ROUND(E16*SUMIF(PFP!$B$8:$B$21,\"MO*\",PFP!$J$8:$J$21),2)","v":5973.38}]
["Kd","TAXA RESSARCIMENTO DE DESPESAS SOBRE CUSTOS DIVERSOS",null,null,{"$f":"ROUND((1+E12)*(1+E8),4)","v":1.2212000000000001}]
["NOME DO INFORMANTE:",null,null,null,"QUALIFICAÇÃO:"]
[]
["ASSINATURA:",null,null,null,"DATA:"]
[]
["Observação:"]
["1 - RELACIONAR OS CUSTOS DE ADMINISTRAÇÃO COM RESPECTIVOS PERCENTUAIS INCIDENTES NA MÃO -DE-OBRA"]
["1 - DISCRIMINAR OS TRIBUTOS QUE INCIDEM SOBRE OS CUSTOS DA PRESTAÇÃO DOS SERVIÇOS"]
["2 - K4 = INDICAR % DE CADA TRIBUTO E A SOMA DOS MESMOS (ex: ISS 5% + PIS 1,65% + COFINS 7,60% = 14,25%)"]
["3 - PIS e COFINS, Regime de Incidencia Acumulativa (0,65% e 3,00% - sem percentual de desconto) ou em Regime de Incidencia Não Acumulativa (1,65% e 7,60% - aplicável percentual de desconto) de acordo com a forma de apuração do lucro no IRPJ. APRESENTAR COMPROVANTES de aproveitamento de créditos tributários dos últimos 12 meses em caso de aplicação de \"percentual de desconto\"."]
["4 - AS DESPESAS FISCAIS (K4) INCIDEM SOBRE O TOTAL DA FATURA E NÃO SOBRE OS CUSTOS INCORRIDOS, "]
["     DEVENDO SER CALCULADO O K4' APLICANDO-SE A SEGUINTE FÓRMULA:"]
["     K4' = { [ 1 / ( 1 - K4) ] - 1 } x 100"]
[{"$f":"CONCATENATE(\"     K4' = { [ 1 / ( 1 - \",D8,\" ) ] - 1 } x 100\")","v":"     K4' = { [ 1 / ( 1 - 0,1225 ) ] - 1 } x 100"}]
["Kc - Taxa de Ressarcimento de Despesas sobre Custos Diversos (incide sobre os Insumos Codigo DP e EM)"]
["Kc = (1 + K3) x (1 + K4)"]
["K2 - Incide sobre o Custo Total (CT) da Mão de Obra (MO* = MO1 + MO2)"]
["K3 - Incide sobre o Custo Total (CT) Mão de Obra com encargos (MO1 x Ka ou MO2 x Kb), demais Custos (DP e EM), e Custos da Administração Central (K2)"]
["K4 -  Incide sobre o Custo Total (CT) Mão de Obra com encargos (MO1 x Ka ou MO2 x Kb), demais Custos (DP e EM), e Custos da Administração Central (K2) e Lucro (K3)"]

{"sheet":"CRO1_Ins-Pro","index":5,"n_rows":86,"n_cols":23,"rows_kept":86,"cut":false,"hidden":false,"merged":[[84,0,84,10],[83,0,83,14],[0,0,1,10],[0,13,0,14],[1,13,1,14],[35,7,35,14],[18,0,19,0],[18,1,19,1],[2,0,3,0],[2,1,3,1],[2,2,3,2],[2,3,3,3],[2,4,3,4],[2,5,3,5]]}
["INSUMOS POR ETAPA/PRODUTO",{"$nulls":12},"CÓDIGO:"]
[{"$nulls":13},"CRO-1"]
["Cod.","Categoria / Insumo","Uni","Qde","CUD","PU","FatorK","ETAPA 1","ETAPA 2","ETAPA 3","ETAPA 4","ETAPA 5","ETAPA 6","ETAPA 7","ETAPA 8"]
[{"$nulls":6},"Meses",{"$f":"'CRO2_Ins-Mes'!E4","v":1},{"$f":"'CRO2_Ins-Mes'!E5","v":2},{"$f":"'CRO2_Ins-Mes'!E6","v":2},{"$f":"'CRO2_Ins-Mes'!E7","v":2},{"$f":"'CRO2_Ins-Mes'!E8","v":2},{"$f":"'CRO2_Ins-Mes'!E9","v":3},{"$f":"'CRO2_Ins-Mes'!E10","v":5},{"$f":"'CRO2_Ins-Mes'!E11","v":5}]
[{"$f":"PFP!C8","v":"C"},{"$f":"PFP!D8","v":"Advogado Sênior coordenador (P8003)"},"mês",{"$f":"PFP!F8","v":10},{"$f":"PFP!G8","v":10130.91},{"$f":"PFP!H8","v":13267.44},{"$f":"PFP!I8","v":1.3096000000000001},{"$f":"'CRO2_Ins-Mes'!E15","v":0.5},{"$f":"'CRO2_Ins-Mes'!E28","v":0.75},{"$f":"'CRO2_Ins-Mes'!E41","v":0.5},{"$f":"'CRO2_Ins-Mes'!E54","v":0.375},{"$f":"'CRO2_Ins-Mes'!E67","v":0.375},{"$f":"'CRO2_Ins-Mes'!E80","v":0.5},{"$f":"'CRO2_Ins-Mes'!E93","v":3.5},{"$f":"'CRO2_Ins-Mes'!E106","v":3.5},{"$f":"H5+K5+L5+M5+N5","v":5.25},{"$f":"D5*F5","v":132674.4},{"$f":"$Q5*0.2","v":26534.880000000001},{"$f":"$Q5*0.2","v":26534.880000000001},26534.880000000001,26534.880000000001,26534.880000000001,{"$f":"R5+S5+T5+U5+V5","v":132674.4}]
[{"$f":"PFP!C9","v":"P3"},{"$f":"PFP!D9","v":"Advogado junior (P8001)"},"mês",{"$f":"PFP!F9","v":6},{"$f":"PFP!G9","v":4281.78},{"$f":"PFP!H9","v":9238.3700000000008},{"$f":"PFP!I9","v":2.1576},{"$f":"'CRO2_Ins-Mes'!E16","v":0},{"$f":"'CRO2_Ins-Mes'!E29","v":1},0,{"$f":"'CRO2_Ins-Mes'!E55","v":0.5},{"$f":"'CRO2_Ins-Mes'!E68","v":0},{"$f":"'CRO2_Ins-Mes'!E81","v":0.75},{"$f":"'CRO2_Ins-Mes'!E94","v":2.5},{"$f":"'CRO2_Ins-Mes'!E107","v":1.25},{"$f":"H6+K6+L6+M6+N6","v":3.75},{"$f":"D6*F6","v":55430.22},{"$f":"$Q6*0.2","v":11086.044000000002},11086.044000000002,11086.044000000002,11086.044000000002,11086.044000000002]
[{"$f":"PFP!C10","v":"P0"},{"$f":"PFP!D10","v":"Engenheiro senior (P8056)"},"mês",{"$f":"PFP!F10","v":8},{"$f":"PFP!G10","v":13314.45},{"$f":"PFP!H10","v":28727.26},{"$f":"PFP!I10","v":2.1576},{"$f":"'CRO2_Ins-Mes'!E17","v":0},{"$f":"'CRO2_Ins-Mes'!E30","v":1},{"$f":"'CRO2_Ins-Mes'!E43","v":1},{"$f":"'CRO2_Ins-Mes'!E56","v":1},{"$f":"'CRO2_Ins-Mes'!E69","v":1},{"$f":"'CRO2_Ins-Mes'!E82","v":0},{"$f":"'CRO2_Ins-Mes'!E95","v":4},{"$f":"'CRO2_Ins-Mes'!E108","v":0},6,229818.08,45963.616000000002,45963.616000000002,45963.616000000002,45963.616000000002,45963.616000000002]
[{"$f":"PFP!C11","v":"D"},{"$f":"PFP!D11","v":"Desenhista (40807)"},"mês",{"$f":"PFP!F11","v":8},{"$f":"PFP!G11","v":2660.12},{"$f":"PFP!H11","v":5739.47},{"$f":"PFP!I11","v":2.1576},{"$f":"'CRO2_Ins-Mes'!E18","v":0},{"$f":"'CRO2_Ins-Mes'!E31","v":1},{"$f":"'CRO2_Ins-Mes'!E44","v":1},{"$f":"'CRO2_Ins-Mes'!E57","v":1},{"$f":"'CRO2_Ins-Mes'!E70","v":1},{"$f":"'CRO2_Ins-Mes'!E83","v":0},{"$f":"'CRO2_Ins-Mes'!E96","v":4},{"$f":"'CRO2_Ins-Mes'!E109","v":0},6,45915.76,9183.152,9183.152,9183.152,9183.152,9183.152]
[{"$f":"PFP!C12","v":"T1"},{"$f":"PFP!D12","v":"Topógrafo (P8163)"},"mês",{"$f":"PFP!F12","v":8},{"$f":"PFP!G12","v":2290.75},{"$f":"PFP!H12","v":4942.5200000000004},{"$f":"PFP!I12","v":2.1576},{"$f":"'CRO2_Ins-Mes'!E19","v":0},{"$f":"'CRO2_Ins-Mes'!E32","v":1},{"$f":"'CRO2_Ins-Mes'!E45","v":1},{"$f":"'CRO2_Ins-Mes'!E58","v":1},{"$f":"'CRO2_Ins-Mes'!E71","v":1},{"$f":"'CRO2_Ins-Mes'!E84","v":0},{"$f":"'CRO2_Ins-Mes'!E97","v":4},{"$f":"'CRO2_Ins-Mes'!E110","v":0},6,39540.160000000003,7908.0320000000011,7908.0320000000011,7908.0320000000011,7908.0320000000011,7908.0320000000011]
[{"$f":"PFP!C13","v":"A4"},{"$f":"PFP!D13","v":"Auxiliar de Topografia (P8028)"},"mês",{"$f":"PFP!F13","v":16},{"$f":"PFP!G13","v":1467.63},{"$f":"PFP!H13","v":3166.56},{"$f":"PFP!I13","v":2.1576},{"$f":"'CRO2_Ins-Mes'!E20","v":0},{"$f":"'CRO2_Ins-Mes'!E33","v":2},{"$f":"'CRO2_Ins-Mes'!E46","v":2},{"$f":"'CRO2_Ins-Mes'!E59","v":2},{"$f":"'CRO2_Ins-Mes'!E72","v":2},{"$f":"'CRO2_Ins-Mes'!E85","v":0},{"$f":"'CRO2_Ins-Mes'!E98","v":8},{"$f":"'CRO2_Ins-Mes'!E111","v":0},12,50664.959999999999,10132.992,10132.992,10132.992,10132.992,10132.992]
[{"$f":"PFP!C14","v":"A0"},{"$f":"PFP!D14","v":"Secretária (P8135)"},"mês",{"$f":"PFP!F14","v":16},{"$f":"PFP!G14","v":2434.7399999999998},{"$f":"PFP!H14","v":5253.2},{"$f":"PFP!I14","v":2.1576},{"$f":"'CRO2_Ins-Mes'!E21","v":1},{"$f":"'CRO2_Ins-Mes'!E34","v":1.5},{"$f":"'CRO2_Ins-Mes'!E47","v":1},{"$f":"'CRO2_Ins-Mes'!E60","v":0.75},{"$f":"'CRO2_Ins-Mes'!E73","v":0.75},{"$f":"'CRO2_Ins-Mes'!E86","v":1},{"$f":"'CRO2_Ins-Mes'!E99","v":5},{"$f":"'CRO2_Ins-Mes'!E112","v":5},8.5,84051.199999999997,16810.240000000002,16810.240000000002,16810.240000000002,16810.240000000002,16810.240000000002]
[{"$f":"PFP!C15","v":"A3"},{"$f":"PFP!D15","v":"Auxiliar Administrativo (P8026)"},"mês",{"$f":"PFP!F15","v":16},{"$f":"PFP!G15","v":1772.08},{"$f":"PFP!H15","v":3823.44},{"$f":"PFP!I15","v":2.1576},{"$f":"'CRO2_Ins-Mes'!E22","v":1},{"$f":"'CRO2_Ins-Mes'!E35","v":1.5},{"$f":"'CRO2_Ins-Mes'!E48","v":1},{"$f":"'CRO2_Ins-Mes'!E61","v":0.75},{"$f":"'CRO2_Ins-Mes'!E74","v":0.75},{"$f":"'CRO2_Ins-Mes'!E87","v":1},{"$f":"'CRO2_Ins-Mes'!E100","v":5},{"$f":"'CRO2_Ins-Mes'!E113","v":5},8.5,61175.040000000001,12235.008000000002,12235.008000000002,12235.008000000002,12235.008000000002,12235.008000000002]
[{"$f":"PFP!C16","v":"T2"},{"$f":"PFP!D16","v":"Assistente Social junior (P8019)"},"mês",{"$f":"PFP!F16","v":39},{"$f":"PFP!G16","v":3020.78},{"$f":"PFP!H16","v":6517.63},{"$f":"PFP!I16","v":2.1576},{"$f":"'CRO2_Ins-Mes'!E23","v":5},{"$f":"'CRO2_Ins-Mes'!E36","v":10},{"$f":"'CRO2_Ins-Mes'!E49","v":0},{"$f":"'CRO2_Ins-Mes'!E62","v":4},{"$f":"'CRO2_Ins-Mes'!E75","v":0},{"$f":"'CRO2_Ins-Mes'!E88","v":15},{"$f":"'CRO2_Ins-Mes'!E101","v":5},{"$f":"'CRO2_Ins-Mes'!E114","v":0},29,254187.57,50837.514000000003,50837.514000000003,50837.514000000003,50837.514000000003,50837.514000000003]
[{"$f":"PFP!C17","v":"ECA"},{"$f":"PFP!D17","v":"Encargos Comp. e Adicionais"},"mês",{"$f":"SUM(H14:O14)","v":127},{"$f":"PFP!G17","v":1085.7991338582676},{"$f":"PFP!H17","v":1325.98},{"$f":"PFP!I17","v":1.2212000000000001},{"$f":"SUM(H5:H13)","v":7.5},{"$f":"SUM(I5:I13)","v":19.75},7.5,11.375,6.875,18.25,41,14.75,85,168399.46,33679.892,33679.892,33679.892,33679.892,33679.892,{"$f":"H14+I14+J14+K14+L14+M14+N14+O14","v":127}]
[{"$f":"PFP!C18","v":"AT2"},{"$f":"PFP!D18","v":"Auxilio Transporte Técnicos"},"mês",{"$f":"SUM(H15:O15)","v":0},{"$f":"PFP!G18","v":"Já incluso*"},{"$f":"PFP!H18","v":0},{"$f":"PFP!I18","v":1.2212000000000001},{"$nulls":8},0,0,0,0,0,0,0]
[{"$f":"PFP!C19","v":"AT3"},{"$f":"PFP!D19","v":"Auxilio Transporte Secretária"},"mês",0,{"$f":"PFP!G19","v":"Já Incluso*"},{"$f":"PFP!H19","v":0},{"$f":"PFP!I19","v":1.2212000000000001},{"$nulls":8},0,0,0,0,0,0,0]
[{"$f":"PFP!C20","v":"M1"},{"$f":"PFP!D20","v":"Relatório Parcial"},"un",14,{"$f":"PFP!G20","v":33.35},{"$f":"PFP!H20","v":40.729999999999997},{"$f":"PFP!I20","v":1.2212000000000001},{"$f":"'CRO2_Ins-Mes'!E24","v":0},{"$f":"'CRO2_Ins-Mes'!E37","v":1},{"$f":"'CRO2_Ins-Mes'!E50","v":1},{"$f":"'CRO2_Ins-Mes'!E63","v":1},{"$f":"'CRO2_Ins-Mes'!E76","v":1},{"$f":"'CRO2_Ins-Mes'!E89","v":2},{"$f":"'CRO2_Ins-Mes'!E102","v":4},{"$f":"'CRO2_Ins-Mes'!E115","v":4},8,570.21999999999991,114.04399999999998,114.04399999999998,114.04399999999998,114.04399999999998,114.04399999999998]
[{"$f":"PFP!C21","v":"M2"},{"$f":"PFP!D21","v":"Relatório Final"},"un",1,{"$f":"PFP!G21","v":1478.8},{"$f":"PFP!H21","v":1805.91},{"$f":"PFP!I21","v":1.2212000000000001},{"$nulls":7},{"$f":"'CRO2_Ins-Mes'!E116","v":1},0,1805.91,361.18200000000002,361.18200000000002,361.18200000000002,361.18200000000002,361.18200000000002]
["TOTAL","VALOR TOTAL POR PRODUTO","R$",{"$f":"W19","v":1124232.98},null,null,null,{"$f":"ROUND($F$5*H5+$F$6*H6+$F$7*H7+$F$8*H8+$F$9*H9+$F$10*H10+$F$11*H11+$F$12*H12+$F$13*H13+$F$14*H14+$F$15*H15+$F$16*H16+$F$17*H17+$F$18*H18,2)","v":58243.360000000001},169951.42,71438.31,103338.6,66681.98,144684.18,385000.9,124894.24,null,{"$f":"SUM(Q5:Q18)","v":1124232.9799999997},{"$f":"SUM(R5:R18)","v":224846.59600000002},{"$f":"SUM(S5:S18)","v":224846.59600000002},224846.59600000002,224846.59600000002,224846.59600000002,{"$f":"SUM(R19:V19)","v":1124232.98}]
[null,null,"%",{"$f":"SUM(H20:O20)","v":0.99999999999999978},null,null,null,{"$f":"H19/SUM($H$19:$O$19)","v":5.180719701171551E-2},0.15117099525784239,6.3544043481591816E-2,9.1919202620090332E-2,5.9313310135117085E-2,0.12869590315082283,0.34245650450090415,0.1110928438419157,{"$f":"H20+I20+J20+K20+L20+M20+N20+O20","v":0.99999999999999978},null,{"$f":"R19/$Q$19","v":0.20000000000000007},{"$f":"S19/$Q$19","v":0.20000000000000007},0.20000000000000007,0.20000000000000007,0.20000000000000007,{"$f":"W19/$Q$19","v":1.0000000000000002}]
{"$rows_empty":62}
["OBSERVAÇÃO:"]
["P - Profissionais nível superior nas áreas de Engenharia, Química, Arquitetura, Agronomia e Veterinária, conforme disposições da Lei 4.950-A/66"]
["T - Profissionais de nível médio técnico nas diversas áreas de atuação"]
["A - Profissionais de nível médio de apoio técnico-administrativo"]

{"sheet":"CRO2_Ins-Mes","index":6,"n_rows":133,"n_cols":21,"rows_kept":133,"cut":false,"hidden":false,"merged":[[141,5,141,17],[0,0,1,20]]}
["CRONOGRAMA SIMPLIFICADO"]
[]
["Cod1","Cod2","Produtos","Uni","Qde",1,2,3,4,5,6,7,8,9,10,11,12,13,14,15,16]
[1,"1","Etapa 1 – Tarefas Preparatórias","mês",1]
[2,2,"Etapa 2 - Cadastro físico, jurídico e social das terras e benfeitorias","mês",2]
[3,3,"Etapa 3 – Avaliação das terras e benfeitorias levantadas na etapa 2","mês",2,{"$nulls":4},"2023-11-01"]
[4,4,"Etapa 4 - Cadastro físico, jurídico e social de terras para possíveis remanejamentos","mês",2]
[5,5,"Etapa 5 - Avaliação das terras e benfeitorias levantadas na etapa 4","mês",2]
[6,6,"Etapa 6 - Cadastro socioeconômico da região","mês",3]
[7,7,"Etapa 7 - Plano de Negociação e Projeto Executivo de Remanejamento da População Local","mês",5]
[8,8,"Etapa 8 - Operação das ações sociais e de regularização fundiária","mês",5]
["Total","Total","Balanço Temporal","mês",{"$f":"SUM(F12:R12)","v":0}]
[]
["Cod1","Cod2","Insumos","Uni","Qde",1,2,3,4,5,6,7,8,9,10,11,12,13,14,15,16]
[1,"C","Advogado coordenador (P8061)","mês",{"$f":"SUM(F15:U15)","v":0.5},0.5]
[1,"P3","Advogado junior (P8001)","mês",{"$f":"SUM(F16:U16)","v":0}]
[1,"P0","Engenheiro senior (P8056)","mês",0]
[1,"D","Desenhista (40807)","mês",0]
[1,"T1","Topógrafo (P8163)","mês",0]
[1,"A4","Auxiliar de Topografia (P8028)","mês",0]
[1,"A0","Secretária (P8135)","mês",1,1]
[1,"A3","Auxiliar Administrativo (P8026)","mês",1,1]
[1,"T2","Assistente Social junior (P8019)","mês",5,5]
[1,"M1","Relatório Parcial","un",0]
[1,"M2","Relatório Final","un",0,0]
[1,null,{"$f":"C4","v":"Etapa 1 – Tarefas Preparatórias"},null,{"$f":"SUM(E15:E25)","v":7.5}]
[]
[2,"C","Advogado coordenador (P8061)","mês",{"$f":"SUM(F28:U28)","v":0.75},null,0.5,0.25]
[2,"P3","Advogado junior (P8001)","mês",{"$f":"SUM(F29:U29)","v":1},null,0.5,0.5]
[2,"P0","Engenheiro senior (P8056)","mês",1,null,0.5,0.5]
[2,"D","Desenhista (40807)","mês",1,null,0.5,0.5]
[2,"T1","Topógrafo (P8163)","mês",1,null,0.5,0.5]
[2,"A4","Auxiliar de Topografia (P8028)","mês",2,null,{"$f":"G32*2","v":1},{"$f":"H32*2","v":1}]
[2,"A0","Secretária (P8135)","mês",1.5,null,1,0.5]
[2,"A3","Auxiliar Administrativo (P8026)","mês",1.5,null,1,0.5]
[2,"T2","Assistente Social junior (P8019)","mês",10,null,5,5]
[2,"M1","Relatório Parcial","un",1,null,1]
[2,"M2","Relatório Final","un",0,null,null,0]
[2,null,{"$f":"C5","v":"Etapa 2 - Cadastro físico, jurídico e social das terras e benfeitorias"}]
[]
[3,"C","Advogado coordenador (P8061)","mês",{"$f":"SUM(F41:U41)","v":0.5},null,null,0.25,0.25]
[3,"P3","Advogado junior (P8001)","mês",{"$f":"SUM(F42:U42)","v":0}]
[3,"P0","Engenheiro senior (P8056)","mês",1,null,null,0.5,0.5]
[3,"D","Desenhista (40807)","mês",1,null,null,0.5,0.5]
[3,"T1","Topógrafo (P8163)","mês",1,null,null,0.5,0.5]
[3,"A4","Auxiliar de Topografia (P8028)","mês",2,null,null,{"$f":"H45*2","v":1},{"$f":"I45*2","v":1}]
[3,"A0","Secretária (P8135)","mês",1,null,null,0.5,0.5]
[3,"A3","Auxiliar Administrativo (P8026)","mês",1,null,null,0.5,0.5]
[3,"T2","Assistente Social junior (P8019)","mês",0]
[3,"M1","Relatório Parcial","un",1,null,null,1]
[3,"M2","Relatório Final","un",0]
[3,null,{"$f":"C6","v":"Etapa 3 – Avaliação das terras e benfeitorias levantadas na etapa 2"}]
[]
[4,"C","Advogado coordenador (P8061)","mês",{"$f":"SUM(F54:U54)","v":0.375},null,null,null,0.125,0.25]
[4,"P3","Advogado junior (P8001)","mês",{"$f":"SUM(F55:U55)","v":0.5},null,null,null,0.25,0.25]
[4,"P0","Engenheiro senior (P8056)","mês",1,null,null,null,0.5,0.5]
[4,"D","Desenhista (40807)","mês",1,null,null,null,0.5,0.5]
[4,"T1","Topógrafo (P8163)","mês",1,null,null,null,0.5,0.5]
[4,"A4","Auxiliar de Topografia (P8028)","mês",2,null,null,null,{"$f":"I58*2","v":1},1]
[4,"A0","Secretária (P8135)","mês",0.75,null,null,null,0.25,0.5]
[4,"A3","Auxiliar Administrativo (P8026)","mês",0.75,null,null,null,0.25,0.5]
[4,"T2","Assistente Social junior (P8019)","mês",4,null,null,null,2,2]
[4,"M1","Relatório Parcial","un",1,null,null,null,1]
[4,"M2","Relatório Final","un",0]
[4,null,{"$f":"C7","v":"Etapa 4 - Cadastro físico, jurídico e social de terras para possíveis remanejamentos"}]
[]
[5,"C","Advogado coordenador (P8061)","mês",{"$f":"SUM(F67:U67)","v":0.375},{"$nulls":4},0.125,0.25]
[5,"P3","Advogado junior (P8001)","mês",{"$f":"SUM(F68:U68)","v":0}]
[5,"P0","Engenheiro senior (P8056)","mês",1,{"$nulls":4},0.5,0.5]
[5,"D","Desenhista (40807)","mês",1,{"$nulls":4},0.5,0.5]
[5,"T1","Topógrafo (P8163)","mês",1,{"$nulls":4},0.5,0.5]
[5,"A4","Auxiliar de Topografia (P8028)","mês",2,{"$nulls":4},{"$f":"J71*2","v":1},1]
[5,"A0","Secretária (P8135)","mês",0.75,{"$nulls":4},0.25,0.5]
[5,"A3","Auxiliar Administrativo (P8026)","mês",0.75,{"$nulls":4},0.25,0.5]
[5,"T2","Assistente Social junior (P8019)","mês",0]
[5,"M1","Relatório Parcial","un",1,{"$nulls":4},1]
[5,"M2","Relatório Final","un",0]
[5,null,{"$f":"C8","v":"Etapa 5 - Avaliação das terras e benfeitorias levantadas na etapa 4"}]
[]
[6,"C","Advogado coordenador (P8061)","mês",{"$f":"SUM(F80:U80)","v":0.5},null,null,null,0.125,0.125,0.25]
[6,"P3","Advogado junior (P8001)","mês",{"$f":"SUM(F81:U81)","v":0.75},null,null,null,0.25,0.25,0.25]
[6,"P0","Engenheiro senior (P8056)","mês",0]
[6,"D","Desenhista (40807)","mês",0]
[6,"T1","Topógrafo (P8163)","mês",0]
[6,"A4","Auxiliar de Topografia (P8028)","mês",0]
[6,"A0","Secretária (P8135)","mês",1,null,null,null,0.25,0.25,0.5]
[6,"A3","Auxiliar Administrativo (P8026)","mês",1,null,null,null,0.25,0.25,0.5]
[6,"T2","Assistente Social junior (P8019)","mês",15,null,null,null,5,5,5]
[6,"M1","Relatório Parcial","un",2,null,null,null,1,1]
[6,"M2","Relatório Final","un",0]
[6,null,{"$f":"C9","v":"Etapa 6 - Cadastro socioeconômico da região"}]
[]
[7,"C","Advogado coordenador (P8061)","mês",{"$f":"SUM(F93:U93)","v":3.5},{"$nulls":6},0.5,0.75,0.75,0.75,0.75]
[7,"P3","Advogado junior (P8001)","mês",{"$f":"SUM(F94:U94)","v":2.5},{"$nulls":6},0.5,0.5,0.5,0.5,0.5]
[7,"P0","Engenheiro senior (P8056)","mês",4,{"$nulls":6},1,1,1,1]
[7,"D","Desenhista (40807)","mês",4,{"$nulls":6},1,1,1,1]
[7,"T1","Topógrafo (P8163)","mês",4,{"$nulls":6},1,1,1,1]
[7,"A4","Auxiliar de Topografia (P8028)","mês",8,{"$nulls":6},{"$f":"L97*2","v":2},2,2,2]
[7,"A0","Secretária (P8135)","mês",5,{"$nulls":6},1,1,1,1,1]
[7,"A3","Auxiliar Administrativo (P8026)","mês",5,{"$nulls":6},1,1,1,1,1]
[7,"T2","Assistente Social junior (P8019)","mês",5,{"$nulls":6},1,1,1,1,1]
[7,"M1","Relatório Parcial","un",4,{"$nulls":6},1,1,1,1]
[7,"M2","Relatório Final","un",0]
[7,null,{"$f":"C10","v":"Etapa 7 - Plano de Negociação e Projeto Executivo de Remanejamento da População Local"}]
[]
[8,"C","Advogado coordenador (P8061)","mês",{"$f":"SUM(F106:U106)","v":3.5},{"$nulls":11},0.5,0.75,0.75,0.75,0.75]
[8,"P3","Advogado junior (P8001)","mês",{"$f":"SUM(F107:U107)","v":1.25},{"$nulls":11},0.25,0.25,0.25,0.25,0.25]
[8,"P0","Engenheiro senior (P8056)","mês",0]
[8,"D","Desenhista (40807)","mês",0]
[8,"T1","Topógrafo (P8163)","mês",0]
[8,"A4","Auxiliar de Topografia (P8028)","mês",0]
[8,"A0","Secretária (P8135)","mês",5,{"$nulls":11},1,1,1,1,1]
[8,"A3","Auxiliar Administrativo (P8026)","mês",5,{"$nulls":11},1,1,1,1,1]
[8,"T2","Assistente Social junior (P8019)","mês",0]
[8,"M1","Relatório Parcial","un",4,{"$nulls":11},1,1,1,1]
[8,"M2","Relatório Final","un",1,{"$nulls":15},1]
[8,null,{"$f":"C11","v":"Etapa 8 - Operação das ações sociais e de regularização fundiária"},"un",{"$f":"SUM(S117:U117)","v":0}]
["Total"]
[]
[]
[]
[null,null,"Advogado coordenador (P8061)",{"$f":"E15+E28+E41+E54+E67+E80+E93+E106","v":10}]
[null,null,"Advogado junior (P8001)",{"$f":"E16+E29+E42+E55+E68+E81+E94+E107","v":6}]
[null,null,"Engenheiro senior (P8056)",8]
[null,null,"Desenhista (40807)",8]
[null,null,"Topógrafo (P8163)",8]
[null,null,"Auxiliar de Topografia (P8028)",16]
[null,null,"Secretária (P8135)",16]
[null,null,"Auxiliar Administrativo (P8026)",16]
[null,null,"Assistente Social junior (P8019)",39]
[null,null,"Relatório Parcial",14]
[null,null,"Relatório Final",1]
[null,null,null,{"$f":"SUM(D122:D132)","v":142}]

{"sheet":"COT. VANT","index":7,"n_rows":17,"n_cols":10,"rows_kept":17,"cut":false,"hidden":true,"merged":[[1,0,1,9],[7,0,9,0],[7,1,7,5],[8,1,8,5],[9,1,9,5]]}
[]
["COTAÇÃO ORÇAMENTÁRIA DE LEVANTAMENTO PLANIALTIMÉTRICO POR MEIO DE VANT PARA ÁREA NA CIDADE DE PINDARÉ-MIRIM-MA"]
["MÊS/ANO DE REFERÊNCIA ","ÁREA DO PROJETO [ha]","EMPRESA","LOCALIDADE","WEBSITE","CONTATO","AVALIAÇÃO TÉCNICA DA PROPOSTA","PREÇO","PREÇO UNITÁRIO","RELAÇÃO CUSTO-BENEFÍCIO"]
["2022-09-01",50,"DRONES SOLUTION","SALVADOR-BA","http://www.dronessolution.com.br/","contato@dronessolution.com.br","SATISFATÓRIA",9800,{"$f":"(H4/B4)","v":196},"A"]
["2022-09-01",50,"ERG","BELO HORIZONTE-MG","http://www.ergbh.com.br/","comercial@ergbh.com.br","SATISFATÓRIA",13240.5,{"$f":"(H5/B5)","v":264.81},"B"]
["2022-09-01",50,"CEPEMAR","VITÓRIA-ES","http://www.cepemar.com.br/","comercial@cepemar.com.br","SATISFATÓRIA",63000,1260,"C"]
[]
["Observações","  1. Na cotação acima já estão iclusos: Planejamento Aerotogramétrico, Voo Aerotoforamétrico, Apoio de Campo, Aerotriangulação, Restituição, MDT, MDS, Ortofotos, Edição/Revisão e Entrega Final.",{"$nulls":4},"CV com todos valores:",{"$f":"STDEVA(H4:H6)/AVERAGE(H4:H6)","v":1.0380549324194583}]
[null,"  2. INCONCLUSIVA: não apresentou o orçamento de forma detalhada.",{"$nulls":4},"CV tirando o maior valor:",{"$f":"STDEVA(H4:H5)/AVERAGE(H4:H5)","v":0.21117604918923782}]
[null,"  3. SATISFATÓRIA: apresentou, no mínimo, os requisitos básicos de um orçamento.",{"$nulls":4},"Média tirando o maior valor:",{"$f":"AVERAGE(H4:H5)","v":11520.25},"Valor para a área de 65ha"]
[null,"4-Para o valor do serviço de Vant, considerou-se a média tirando o maior valor das cotações recebidas, pois o CV (coeficiente de variação) está muito elevado com as 3 cotaçoes."]
[null,"5-As cotações recebidas foram utilizadas para o serviço de levantamento do Ramal do Manga no Amapá, referente a um trecho de 6,5km de rodovia, com área total estimadade de 65ha."]
[null,"Dessa forma, para a cotação representativa deste serviço, realizou-se a parametrização proporcional a área de estudo do serviço a ser realizado."]
[]
[null,"Portanto:"]
[null,null,{"$f":"I10","v":"Valor para a área de 65ha"},{"$f":"H10","v":11520.25}]
[null,null,"Valor unitário para a área de 1ha",{"$f":"D16/65","v":177.23461538461538}]